Four-Letter Greek Mythology Quiz Stats

 Plays Quiz Updated Apr 23, 2019

Score 0/18 Timer 04:00
0 Plays Today
% Correct
Zeus
91%
Troy
89.4%
Styx
89.1%
Ares
87.9%
Eros
84.5%
Hera
84.2%
Argo
83.9%
Nike
79.5%
Echo
75.6%
% Correct
Gaia
75%
Ajax
71.8%
Iris
63%
Rhea
56.9%
Clio
56.6%
Leda
54.2%
Eris
43.8%
Hebe
39.3%
Hero
30%

You're not logged in!

Compare scores with friends on all Sporcle quizzes.
OR
Log In

Sporcle TV

Today on Sporcle TV


Watch our educational content, quiz creation guides, and fun videos on Sporcle TV.

Show Comments

Extras

Top Quizzes Today


Score Distribution

Your Account Isn't Verified!

In order to create a playlist on Sporcle, you need to verify the email address you used during registration. Go to your Sporcle Settings to finish the process.

Report this User

Report this user for behavior that violates our Community Guidelines.

Details: